00321nam a2200097 a 4500008004100000050001500041100002200056245010400078350000900182700003200191120416s9999 xx |||||||||||||| || u aTD 511 App aCecil, Lawrence K10aApplication of new concepts of physical-chemical waste water treatmentcedited by W. W. Eckenfelder a0.00 aEckenfelder, William Wesley